000 00637nam a2200205 i 4500
001 94695
003 ES-MaACL
005 20230906181532.0
007 t|
008 050512s1986 xxk ||||1| eng d
020 _a0-19-822138-X
100 1 _aLovett, A. W.
_974366
245 1 0 _aEarly Habsburg Spain, 1517-1598 /
_cA. W. Lovett.
260 _aOxford :
_bOxford University Press,
_c1986.
300 _aVIII, 352 p. ;
_c22 cm.
504 _aBibliografía. Indice.
651 4 _aEspaña-
_xHistoria-
_y1516-1556, Carlos I.
_98224
651 4 _aEspaña-
_xHistoria-
_y1556-1598, Felipe II.
_98218
852 _aES-MaACL
_jL-11042
_bR.112579
999 _c94695
_d94695